000 00304nam a22001337a 4500
008 170526b xxu||||| |||| 00| 0 eng d
020 _a9780471577959
041 _aeng
080 _22ND
_a62
100 _a27
101 _aIM
245 _aSTATE VARIABLES FOR ENGINEERS
_cDERUSSO, P.M
942 _2udc
_cBK
999 _c14371
_d14371